Guía para conocer la reforma a la ley de contrato de trabajo según la Ley 27.802 de modernización laboral : qué cambió en el régimen de contrato de trabajo. Análisis artículo por artículo /

Guardado en:
Autor Principal: Maza, Miguel Ángel.
Otros Autores: Segura, Juan Martín.
Formato: Libro
Idioma:Undetermined
Publicado: Santa Fe : Rubinzal Culzoni, 2026.
Edición:1a. ed.
Materias:
Etiquetas: Agregar Etiqueta
Sin Etiquetas, Sea el primero en etiquetar este registro!
LEADER 00753nam a22001815a 4500
001 DER.der015721
008 260428s2026####xx############000#0#und#d
005 20260428145746.0
245 1 0 |a Guía para conocer la reforma a la ley de contrato de trabajo según la Ley 27.802 de modernización laboral :  |b qué cambió en el régimen de contrato de trabajo. Análisis artículo por artículo /  |c Miguel Ángel Maza y Juan Martín Segura. 
250 |a 1a. ed. 
260 |a Santa Fe :  |b Rubinzal Culzoni,  |c 2026. 
300 |a 380 p. 
020 |a 9789873053511 
100 1 |a Maza, Miguel Ángel. 
700 1 |a Segura, Juan Martín. 
650 7 |a DERECHO LABORAL 
859 |a DERECHO  |b BIB. DERECHO  |h 344.01  |i MAZ  |p 0010807 
859 |a DERECHO  |b BIB. DERECHO  |h 344.01  |i MAZ  |p 0010808  |t 1